WWE Finishers 2019 - Statistics

General Stats
  • This quiz has been taken 284 times
  • The average score is 31 of 72
Answer Stats
Hint Answer % Correct
Brock Lesnar F5
88%
AJ Styles Styles Clash
86%
Roman Reigns Spear
85%
Bobby Lashley Spear
85%
Rey Mysterio 619
83%
Dean Ambrose Dirty Deeds
73%
Kofi Kingston Trouble In Paradise
73%
Dolph Ziggler Zig Zag
73%
Drew McIntyre Claymore
72%
Randy Orton RKO
72%
Seth Rollins Curb Stomp
71%
John Cena Attitude Adjustment
69%
(The New) Daniel Bryan Running Knee
69%
AJ Styles Phenomenal Forearm
68%
Jeff Hardy Swanton Bomb
68%
Batista Batista Bomb
66%
The Miz Skull Crushing Finale
62%
Dolph Ziggler Superkick
62%
Johnny Gargano Superkick
62%
Carmella Superkick
62%
Braun Strowman Running Powerslam
61%
Bray Wyatt Sister Abigail
61%
Kurt Angle Ankle Lock
60%
Finn Balor Coup de Grâce
57%
Kurt Angle Angle Slam
56%
Kevin Owens Pop-Up Powerbomb
55%
John Cena STF
55%
Matt Hardy Twist of Fate
55%
Aleister Black Black Mass
53%
Shinsuke Nakamura Kinshasa
53%
Shane McMahon Coast to Coast
52%
Bayley Bayley to Belly
51%
Sami Zayn Helluva Kick
51%
Alexa Bliss Twisted Bliss
47%
Rusev Accolade
43%
Ronda Rousey Armbar
42%
Natalya Sharpshooter
42%
Sasha Banks Bank Statement
40%
Charlotte Flair Figure 8
40%
Becky Lynch Disarm-her
39%
Elias Drift Away
39%
Brock Lesnar Kimura Lock
38%
Samoa Joe Coquina Clutch
37%
Asuka Asuka Lock
36%
Ember Moon Eclipse
35%
Buddy Murphy Murphy's Law
34%
Nia Jax Samoan Drop
31%
Adam Cole Last Shot
28%
Bobby Lashley Dominator
27%
The New Day Midnight Hour
26%
Pete Dunne Bitter End
25%
Johnny Gargano Gargano-Escape
23%
Ruby Riott Riott Kick
23%
Ricochet 630 Senton
21%
Lars Sullivan Freak Accident
21%
Rusev Machka Kick
21%
The Revival Shatter Machine
20%
Mustafa Ali 054 Splash
19%
Carmella Code of Silence
18%
R-Truth Little Jimmy
18%
Tommaso Ciampa Fairytale Ending
16%
Velveteen Dream Purple Rainmaker
16%
Alexa Bliss Bliss DDT
11%
Authors of Pain Last Chapter
11%
(The New) Daniel Bryan Crossface
10%
The Usos Usos Splash
10%
The War Raiders Fallout
9%
Bayley Diving Elbow
8%
Ronda Rousey Rowdy Buster
5%
Authors of Pain Super Collider
5%
EC3 TK3
3%
Tommaso Ciampa Lungblower Powerbomb
2%
No matching quizzes found
Score Distribution
Percent of People with Each Score
Percentile by Number Answered
Your Score History
You have not taken this quiz